000 00450nam a22000977a 4500
008 160621b xxu||||| |||| 00| 0 eng d
010 _aCACPF:73
245 _aCOURT OF APPEAL CONSTITUTIONAL APPEAL NO.7/97 UG. JOURNALISTS SAFETY COMMITTEE And two others VS THE HON. ATTORNEY GENERAL
260 _c1997
500 _3(CORAM: Justice S.T. Manyindo DCJ, JA; Justice G.M Okello, JA; Lady Justice A.E. Mpagi Bahigeine, J.A. ; Berko, JA; Justice A. Twinomujuni, JA
999 _c8456
_d8456